| 000 | 01943nam a2200277Ia 4500 | ||
|---|---|---|---|
| 999 |
_c36760 _d36760 |
||
| 001 | 2699 | ||
| 003 | GE_BSU | ||
| 005 | 20190604151751.0 | ||
| 008 | 181216s2011||||ge |||||||||||||| ||geo|| | ||
| 020 | _a9789941923814 | ||
| 040 | _cGE_BSU | ||
| 041 | _ageo | ||
| 080 | _a930(560)+94(479.22) ა-95 | ||
| 245 |
_aაჭარის ლივის ვრცელი და მოკლე დავთრები = Acara sancaginin mufassal ve icmal defterleri / _cთსუ, კავკასიისა და აღმოსავლეთის კვლევის ცენტრი ; ოსმალური ტექსტი, თარგმანი, გამოკვლევა, კომენტ. და ფოტოასლები გამოსაც. მოამზადეს: ზაზა შაშიკაძემ და მირიან მახარაძემ ; [რედ. ნოდარ შენგელია |
||
| 264 |
_aთბილისი : _b[Orient], _c2011. |
||
| 300 |
_a194 გვ.; _b25სმ. |
||
| 504 | _aბიბლიოგრ.: გვ. 191-193. | ||
| 520 | _aრეზ. თურქ. | ||
| 653 | _aსაქართველოს ისტორია | ||
| 653 | _aაჭარის ისტორიის თურქული წყაროები | ||
| 653 | _aთურქული ისტორიული საბუთები | ||
| 700 |
_aშაშიკაძე, ზაზა _eმთარგმნელი _9143 |
||
| 700 |
_aშენგელია, ნოდარ _eრედაქტორი _92048 |
||
| 710 |
_aივანე ჯავახიშვილის სახელობის თბილისის სახელმწიფო უნივერსიტეტი _bკავკასიისა და აღმოსავლეთის კვლევის ცენტრი _92049 |
||
| 942 |
_cBK _2udc |
||